000 01515pam a2200349 a 4500
999 _c602
_d602
001 013370771
003 Uk
005 20190904094121.0
008 051121r20061973enk 000 1 eng
015 _aGBA610483
_2bnb
016 7 _a013370771
_2Uk
020 _a9780575077331 (pbk.) :
020 _a0575077336 (pbk.) :
040 _aStDuBDS
_beng
_cStDuBDS
_dUk
042 _aukblsr
082 0 4 _aFIC CLA
_222
100 1 _aClarke, Arthur C.
_q(Arthur Charles),
_d1917-2008.
245 1 0 _aRendezvous with Rama /
_cArthur C. Clarke.
260 _aLondon :
_bGollancz,
_c1973
_g(2003 printing)
300 _a252 p. ;
_c20 cm.
336 _atext
_2rdacontent
337 _aunmediated
_2rdamedia
338 _avolume
_2rdacarrier
490 1 _aSF masterworks
500 _aFormerly CIP.
_5Uk
520 _a "The enigmatic object christened Rama was detected while still outside the orbit of Jupiter. A first radar contact at such a distance was unprecedented, indicating that Rama was of exceptional size. As it raced through the Solar System, it became apparent that Rama was a cylinder so geometrically perfect that it might have been turned on a gigantic lathe. Mankind was about to receive its first visitor from the stars"--Back cover.
586 _aWinner of John W Campbell Award 1974 (UK) Winner of British Science Fiction Association Award for Best Novel 1974 (UK)
655 7 _aScience fiction.
830 0 _aSF masterworks.
942 _2ddc
_cFIC